000 00353nam a2200133 i 4500
001 bg
100 1 _aJakowluk, Anatoliusz
_d(1929- ).
245 0 _aMechanika techniczna :
_bćwiczenia laboratoryjne /
_cAntadiusz Jakowluk.
260 _aBiałystok,
_c1974.
040 _cBPK
041 _apol
942 _cKS
008 s pl f |000 0 pol
999 _c15764
_d15764
856 _uhttp://koha.tu.koszalin.pl/cgi-bin/koha/opac-detail.pl?biblionumber=15764
_yKatalog online BPK